Determinanty súčasnej zahraničnej politiky Iránskej islamskej republiky diplomová práca

Na minha lista:
Detalhes bibliográficos
Autor principal: Virostko, Lukáš
Autor Corporativo: Fakulta medzinárodných vzťahov EU. Katedra medzinárodných politických vzťahov
Outros Autores: Čech, Ľubomír, 1955-
Formato: Livro
Idioma:eslovaco
Publicado em: Bratislava 2019
Tags: Adicionar Tag
Sem tags, seja o primeiro a adicionar uma tag!

MARC

LEADER 00000nbm a2200000 4500
001 0255107
005 20190806134611.3
041 0 |a slo 
044 |a SK 
245 1 0 |a Determinanty súčasnej zahraničnej politiky Iránskej islamskej republiky  |b diplomová práca  |c Lukáš Virostko ; školiteľ: Ľubomír Čech 
264 1 |a Bratislava  |c 2019 
300 |a 75 s. 
100 1 |a Virostko, Lukáš 
700 1 |a Čech, Ľubomír, 1955- 
710 2 |a Fakulta medzinárodných vzťahov EU. Katedra medzinárodných politických vzťahov